000
00334nam a2200133Ia 4500
003
GCL
008
140319s9999 xx 000 0 ara d
040
_a
GCL /
_c
GCL
082
0
4
_a
814.02
_b
ى م
100
1
_a
ناصيف اليازجى
245
1
0
_a
مجمع البحرين /
_c
ناصيف اليازجى
300
_a
334 ص
490
_a
999
_c
37909
_d
37909